书目信息 |
| 题名: |
城乡生态环境高分遥感监测技术与应用图集
|
|
| 作者: | 赵少华 , 王桥 , 王玉 著 | |
| 分册: | ||
| 出版信息: | 北京 中国环境出版集团 2021.12 |
|
| 页数: | 134页 | |
| 开本: | 30cm | |
| 丛书名: | ||
| 单 册: | ||
| 中图分类: | X835 | |
| 科图分类: | ||
| 主题词: | 环境遥感--huan jing yao gan--应用--生态环境--环境监测--中国 | |
| 电子资源: | ||
| ISBN: | 978-7-5111-4744-8 | |
| 000 | 01275nam0 2200265 450 | |
| 001 | 011025154500 | |
| 005 | 20221025154500.0 | |
| 010 | @a978-7-5111-4744-8@b精装@dCNY86.00 | |
| 100 | @a20201004d2021 em y0chiy0110 ea | |
| 101 | 0 | @achi |
| 102 | @aCN@b110000 | |
| 105 | @aa z 000yy | |
| 106 | @ar | |
| 200 | 1 | @a城乡生态环境高分遥感监测技术与应用图集@Acheng xiang sheng tai huan jing gao fen yao gan jian ce ji shu yu ying yong tu ji@f赵少华, 王桥, 王玉著 |
| 210 | @a北京@c中国环境出版集团@d2021.12 | |
| 215 | @a134页@d30cm | |
| 312 | @a封面英文题名:The atlas of high-resolution remote sensing monitoring technology and application in urban and rural ecological environment | |
| 330 | @a本书分五章,内容包括:项目概述、城镇污染气体高分遥感与地面观测协同监测、城镇水体水质高分遥感与地面观测协同监测、城镇生态资源高分遥感与地面观测协同监测、城乡生态环境综合监测空间信息服务平台。 | |
| 510 | 1 | @aAtlas of high-resolution remote sensing monitoring technology and application in urban and rural ecological environment@zeng |
| 606 | 0 | @a环境遥感@Ahuan jing yao gan@x应用@x生态环境@x环境监测@y中国 |
| 690 | @aX835@v5 | |
| 701 | 0 | @a赵少华@Azhao shao hua@4著 |
| 701 | 0 | @a王桥@Awang qiao@4著 |
| 701 | 0 | @a王玉@Awang yu@4著 |
| 905 | @a河南城建学院图书馆@dX835@eZ322 | |
| 城乡生态环境高分遥感监测技术与应用图集/赵少华, 王桥, 王玉著.-北京:中国环境出版集团,2021.12 |
| 134页;30cm |
| ISBN 978-7-5111-4744-8(精装):CNY86.00 |
| 本书分五章,内容包括:项目概述、城镇污染气体高分遥感与地面观测协同监测、城镇水体水质高分遥感与地面观测协同监测、城镇生态资源高分遥感与地面观测协同监测、城乡生态环境综合监测空间信息服务平台。 |
| ● |
| 相关链接 |
|
|
|
正题名:城乡生态环境高分遥感监测技术与应用图集
索取号:X835/Z322
 
预约/预借
| 序号 | 登录号 | 条形码 | 馆藏地/架位号 | 状态 | 备注 |
| 1 | 1590389 | 215903896 | 自科库501/501自科库 118排1列2层/ [索取号:X835/Z322] | 在馆 |